| 000 | 00442nam a2200157Ia 4500 | ||
|---|---|---|---|
| 008 | 210716s2000 xx 000 0 und d | ||
| 020 | _a003025972X | ||
| 041 | _aeng | ||
| 082 | _a658.3 HARM | ||
| 100 | _aHarris, Michael. | ||
| 245 |
_aHuman resource management: a practical approach. _bPractical approach. |
||
| 250 | _a2 | ||
| 260 |
_aNew York _bThe Dyden press _c2000 |
||
| 300 | _axxx,527 | ||
| 650 | _aHuman Resource Management(658.3) | ||
| 999 |
_c200554 _d200554 |
||